FIFA World Cup 2026 - Turkey Squad - Statistics

General Stats
  • This quiz has been taken 9 times
  • The average score is 23 of 27
Answer Stats
Team # Position Club/Country Player % Correct
Turkey 12 GK Manchester United Altay Bayındır
100%
Turkey 8 AM Real Madrid Arda Güler
100%
Turkey 21 LW Galatasaray Barış Alper Yılmaz
100%
Turkey 9 ST FC Porto Deniz Gül
100%
Turkey 20 LB Brighton & Hove Albion Ferdi Kadıoğlu
100%
Turkey 10 DM Inter Milan Hakan Çalhanoğlu
100%
Turkey 11 LW Juventus FC Kenan Yıldız
100%
Turkey 3 CB Al-Ahli SFC Merih Demiral
100%
Turkey 18 RB Fenerbahce Mert Müldür
100%
Turkey 5 DM Borussia Dortmund Salih Özcan
100%
Turkey Manager Italy Vincenzo Montella
100%
Turkey 4 CB Fenerbahce Çağlar Söyüncü
88%
Turkey 26 AM Eintracht Frankfurt Can Uzun
88%
Turkey 6 CM Besiktas JK Orkun Kökçü
88%
Turkey 15 CB TSG 1899 Hoffenheim Ozan Kabak
88%
Turkey 2 RB AS Roma Zeki Çelik
88%
Turkey 14 CB Galatasaray Abdülkerim Bardakcı
75%
Turkey 17 RW Kasimpasa İrfan Can Kahveci
75%
Turkey 22 DM Galatasaray Kaan Ayhan
75%
Turkey 7 LW Fenerbahce Kerem Aktürkoğlu
75%
Turkey 1 GK Fenerbahce Mert Günok
75%
Turkey 24 LW Fenerbahce Oğuz Aydın
75%
Turkey 25 CB Caykur Rizespor Samed Akaydin
75%
Turkey 23 GK Galatasaray Uğurcan Çakır
75%
Turkey 19 RW Galatasaray Yunus Akgün
63%
Turkey 13 LB Galatasaray Eren Elmalı
50%
Turkey 16 DM Fenerbahce İsmail Yüksek
50%
No matching quizzes found
Score Distribution
Percent of People with Each Score
Percentile by Number Answered
Your Score History
You have not taken this quiz